000 00804nam a2200277 i 4500
001 000016705
003 DO-SdBNP
005 20250820080219.0
007 ta
008 100310s1983 dr 000 0 spa d
040 _aDO-SdBNP
_bspa
_cBNPHU
_erda
041 1 7 _2spa
_hfre
049 _aBNPD
082 4 _axxx
_bC697d
_222
100 1 _aColl Gilabert, Jorge,
_eautor
_4aut.
_937059
245 1 0 _aDiccionario = diksionné /
_cJorge Coll Gilabert.
246 1 1 _aDiksionné
250 _aTercera edición
264 1 _aSanto Domingo :
_bInstituto de Catequesis,
_c1983.
300 _a93 páginas :
_bilustraciones ;
_c21 cm.
336 _atexto
_btxt
_2rdacontent
337 _asin mediación
_bn
_2rdamedia
338 _avolumen
_bnc
_2rdacarrier
590 _aInventariado, 2025/BT
942 _2ddc
_cLBS1
999 _c16237
_d16237